TB. OF PHARMACOLOGY (Record no. 1262)

MARC details
000 -LEADER
fixed length control field 00331nam a2200145Ia 4500
008 - FIXED-LENGTH DATA ELEMENTS--GENERAL INFORMATION
fixed length control field 150201s2011 xx 000 0 und d
082 ## - DEWEY DECIMAL CLASSIFICATION NUMBER
Classification number 615
Item number P11S
100 ## - MAIN ENTRY--PERSONAL NAME
Personal name SETH, S.D.
245 ## - TITLE STATEMENT
Title TB. OF PHARMACOLOGY
250 ## - EDITION STATEMENT
Edition statement 3RD
260 ## - PUBLICATION, DISTRIBUTION, ETC. (IMPRINT)
Name of publisher, distributor, etc. ELAEVIER
Place of publication, distribution, etc. DELHI
Date of publication, distribution, etc. 2011
300 ## - PHYSICAL DESCRIPTION
Extent 1-450
650 ## - SUBJECT ADDED ENTRY--TOPICAL TERM
Topical term or geographic name as entry element PHARMACOLOGY
942 ## - ADDED ENTRY ELEMENTS (KOHA)
Source of classification or shelving scheme Dewey Decimal Classification
Koha item type Books
Koha issues (borrowed), all copies 9
Holdings
Withdrawn status Lost status Source of classification or shelving scheme Damaged status Not for loan Collection code Home library Current library Shelving location Date acquired Source of acquisition Cost, normal purchase price SGTU Bill Number Total Checkouts Full call number Barcode Date last seen Bill Date Koha item type Date last checked out
    Dewey Decimal Classification     MEDICAL SGT Medical Library SGT Medical Library Text Book 11/11/2011 UBS 975.00 SGTU 518   615 P11S FM4798 09/02/2015 17/11/2011 Books  
    Dewey Decimal Classification     MEDICAL SGT Medical Library SGT Medical Library Text Book 11/11/2011 UBS 975.00 SGTU 518 6 615 P11S FM4799 02/08/2024 17/11/2011 Books 25/07/2024
    Dewey Decimal Classification     MEDICAL SGT Medical Library SGT Medical Library Text Book 11/11/2011 UBS 975.00 SGTU 518 3 615 P11S FM4800 17/04/2025 17/11/2011 Books 20/03/2025